Bar abierto: antología

Guardat en:
Dades bibliogràfiques
Autor principal: Miranda Casanova, Hernán (autor)
Format: Llibre
Idioma:espanyol
Publicat: Santiago Ediciones Universidad Diego Portales 2013
Edició:1a. ed
Matèries:
Etiquetes: Afegir etiqueta
Sense etiquetes, Sigues el primer a etiquetar aquest registre!

MARC

LEADER 00000cam a2200000 a 4500
001 UCE3765
003 CL-VaPUC
008 140925e20130000cl |||||||||||||||||spa|d
020 |a 9789563142587 
082 0 4 |a Ch861  |b MIR  |2 21 
100 |a Miranda Casanova, Hernán  |e autor  |9 498845 
245 1 0 |a Bar abierto: antología 
250 |a 1a. ed 
300 |a 145 p 
942 |c BK 
945 |d 20140925 17:45:00  |a arojas 
260 |a Santiago  |b Ediciones Universidad Diego Portales  |c 2013 
650 0 |a Poesías chilenas   |9 265280 
650 0 |a Antología   |9 327336 
650 0 |a Antología poética  |9 504960 
650 0 |a Literatura chilena   |9 308278 
583 |a last modification  |c 20140925 17:45:00  |k Rodrigo Vera 
999 |c 356926  |d 356924 
952 |0 0  |1 0  |3 erb  |4 0  |6 CH_861_000000000000000_MIR_2013  |7 0  |8 A  |9 464701  |a BIBART  |b BIBART  |i 5114845  |o Ch861 MIR 2013  |p 5114845  |r 2025-03-13  |w 2019-11-23  |y BK  |z Catalogado en:20140925  |k ART